Segunda Modernidad Urbano Arquitectónica : (Record no. 10750)

MARC details
000 -LEADER
campo de control de longitud fija 00450nam a2200145Ia 4500
005 - FECHA Y HORA DE LA ÚLTIMA TRANSACCIÓN
campo de control 20260328104305.0
008 - DATOS DE LONGITUD FIJA--INFORMACIÓN GENERAL
campo de control de longitud fija 260328s9999||||xx |||||||||||||| ||und||
100 ## - ENTRADA PRINCIPAL--NOMBRE DE PERSONA
Nombre de persona Marco Tulio Peraza Guzmán
245 #0 - MENCIÓN DEL TÍTULO
Título Segunda Modernidad Urbano Arquitectónica :
Resto del título Proyectos y Obras /
Mención de responsabilidad, etc. Marco Tulio Peraza Guzmán
250 ## - MENCION DE EDICION
Mención de edición 1a ed.
260 ## - PUBLICACIÓN, DISTRIBUCIÓN, ETC.
Nombre del editor, distribuidor, etc. Universidad Autónoma Metropolitana
300 ## - DESCRIPCIÓN FÍSICA
Extensión 363 p.
650 ## - PUNTO DE ACCESO ADICIONAL DE MATERIA--TÉRMINO DE MATERIA
Término de materia o nombre geográfico como elemento de entrada LOS AUTORES Y SUS OBRAS
942 ## - ELEMENTOS DE ENTRADA SECUNDARIOS (KOHA)
Tipo de ítem Koha Libros
Holdings
Estatus retirado Estado de pérdida Estado de daño No para préstamo Colección Biblioteca de origen Biblioteca actual Ubicación en estantería Fecha de adquisición Número de inventario Total de préstamos Signatura topográfica completa Código de barras Visto por última vez Copia número Precio de reemplazo Tipo de ítem Koha
        General Biblioteca Gonzalo Peláez Caldas Biblioteca Gonzalo Peláez Caldas Colección general 28/03/2026 4987   711 P 411 4987 28/03/2026 1 28/03/2026 Libros